000 00730nam a2200229Ii 4500
003 JO-AjNU
008 230605s9999||||xx |||||||||||||| ||und||
017 _a1986/4025
020 _a977-1415-14-8
040 _aJO-AjNU
_bara
_erda
_cJO-AjNU
041 _aara
050 1 4 _aGV463.I9288 1987
100 3 _aتاليف كاشف، عزت محمود,
_eauthor
_920960
245 0 0 _aالانتقاء في رياضة الجمباز
250 _aط1
264 3 1 _aالقاهرة: مكتبة النهضة المصرية، 1987
300 _a146ص
336 _atext
_btxt
_2rdacontent
337 _aunmediated
_bn
_2rdamedia
338 _avolume
_bnc
_2rdacarrier
650 4 _aالجمباز التربية الرياضية
_920961
999 _aA7201
_c10769
_d10769